000 00654nam a22002650a 4500
001 UByD001264
003 AR-LpoUNG
005 20230103145146.0
008 221223s1993||||ag |||||||||||||||||spa d
020 _a9504000025
040 _aAR-LpoUNG
_bspa
_cAR-LpoUNG
_eaacr
044 _aag
082 0 _aR903 771his
100 1 _aCook, Chris
245 1 0 _aDiccionario de términos históricos
250 _a1ra. ed.
260 _aBuenos Aires :
_bAlianza,
_c1993.
300 _a524 p.
650 4 _aHISTORIA
650 4 _aTERMINOLOGIA
650 4 _aDICCIONARIOS
650 4 _aMATERIAL DE REFERENCIA
905 _a38546
942 _cLSALA
_2ddc
999 _c63837
_d63837